[Event "United Insurance 6th"]
[Site "Dhaka"]
[Date "2003.03.17"]
[Round "10"]
[White "Reefat, Bin Sattar"]
[Black "Vakhidov, Tahir"]
[Result "0-1"]
[WhiteElo "2451"]
[BlackElo "2546"]
[Annotator "Huzman,A"]
[PlyCount "102"]
[EventDate "2003.03.08"]
[EventType "tourn"]
[EventRounds "13"]
[EventCountry "BAN"]
[EventCategory "9"]
[SourceTitle "CBM 095"]
[Source "ChessBase"]
[SourceDate "2003.07.25"]
[SourceVersion "1"]
[SourceVersionDate "2003.07.25"]
[SourceQuality "1"]

1. e4 e5 2. Nf3 Nf6 3. d4 Nxe4 4. Bd3 d5 5. Nxe5 Nd7 6. Nc3 Nxe5 7. dxe5 Nxc3
8. bxc3 Bc5 (8... Be6 9. Rb1 Qc8 10. Bg5 (10. O-O Bc5 11. Kh1 O-O 12. Qh5 g6
13. Qh4 Re8 14. Bg5 Bf5 15. f4 b6 16. Rf3 Bf8 17. Rg1 h5 18. Bf6 Be4 19. Rg3
Kh7 20. f5 Qxf5 21. Rg5 $18 {0-1 Reefat,B-Aliev,K/Elista 1998/CBM 66 ext (44)})
10... h6 11. Bh4 Bc5 12. O-O c6 13. Kh1 g5 14. Bg3 Qd7 15. f4 gxf4 16. Bh4 Be7
17. Rxf4 O-O-O 18. Qf1 b6 19. Rxf7 {1-0 Movsesian,S-Weglarz,L/Litomysl 1995/
EXT 98 (19)}) (8... Be7 9. Rb1 (9. Qh5 Be6 10. Rb1 Qd7 11. Bg5 O-O-O 12. O-O h6
13. Bxe7 Qxe7 14. Qe2 Qc5 15. Qd2 d4 $11 {0-1 Kremenietsky,A-Pripis,F/Moscow
1977/EXT 2002 (34)}) 9... O-O 10. O-O b6 11. Qh5 {1/2-1/2 Sutovsky,E-Fressinet,
L/Moscow 2003/CBM 94_01 (11)}) (8... Qh4 9. O-O (9. Be3 Ba3 (9... Be7 10. O-O
O-O 11. Rb1 b6 12. f4 Bg4 13. Be2 Bxe2 14. Qxe2 c6 15. Rf3 Qg4 16. Qd3 Qe6 17.
Bd4 f5 $15 {Halasz,C-Horvath,L/HUN-chT2 1998/EXT 99/0-1 (40)}) 10. Rb1 O-O 11.
O-O b6 12. Qd2 c6 13. Bg5 Qh5 14. Rb3 Bc5 15. c4 h6 16. Bf4 dxc4 17. Bxc4 Bf5
18. Be2 Qh4 $13 {Tronhjem,T-Morgado,J/Lewkowitz Memorial B 1994/0-1 (34)}) 9...
Bg4 10. Qd2 Bd7 11. Qe3 (11. Rb1 b6 12. Qe2 Be7 13. f4 Qg4 14. Qxg4 Bc5+ 15.
Kh1 Bxg4 16. f5 g6 17. Bb5+ Kf8 18. Bh6+ Kg8 19. Bc6 Rb8 20. Bxd5 $40 {1-0
Blauert,J-Federau,J/GER 1992/}) 11... b6 12. a4 Bc5 13. Qf3 c6 14. a5 O-O 15.
Be3 Qg4 16. Qxg4 Bxg4 17. Bd4 $11 {1-0 Iordachescu,V-Motylev,A/Bucharest 2000/
CBM 77/[Blatny,P] (39)}) 9. O-O (9. Qh5 Be6 10. Rb1 Qd7 11. Bg5 Bf5 12. O-O O-O
13. Be3 Bxd3 14. cxd3 Bxe3 15. fxe3 Qc6 $11 {1-0 Moberg,K-Schneider,L/
Gothenburg 1994/EXT 2001 (24)}) 9... Be6 (9... c6 10. Kh1 Qh4 11. Rb1 O-O 12.
Qe2 Re8 13. c4 Bd4 14. f4 Bg4 15. Qd2 Re6 16. Qe1 Qh5 17. Rxb7 $16 {1-0
Nevednichy,V-Schwartzman,G/Odorheiu Secuiesc 1993/CBM 36 (36)}) (9... Qh4 10.
Rb1 (10. Bb5+ c6 11. Qxd5 cxb5 12. Qxc5 Qc4 13. Qxc4 bxc4 14. Ba3 Bf5 15. Rac1
O-O-O 16. Bd6 Kd7 $11 {1/2-1/2 Gorshkova,E-Dagaeva,O/Smolensk 2001/EXT 2002 
(24)}) 10... O-O 11. Qf3 c6 12. Be3 b6 13. Bxc5 bxc5 14. c4 Be6 15. Qe3 dxc4
16. Be4 Bd5 17. f4 Qe7 18. Bxd5 cxd5 19. f5 Rfe8 20. Rbe1 f6 21. e6 $44 {
1-0 Reefat,B-Barua,D/Kelamabakkam 2000/CBM 79 (36)}) 10. Rb1 (10. Qe2 O-O 11.
Be3 Bxe3 12. Qxe3 f5 13. f4 Qe7 14. a4 b6 $11 {1/2-1/2 Mortensen,E-Nielsen,P/
DEN 1996/CBM 53 (29)}) (10. Qh5 h6 (10... Qd7 11. Rb1 c6 12. Kh1 g6 13. Qh6
O-O-O 14. a4 d4 15. Bg5 Bd5 16. Qh4 Rde8 17. Bf6 Rhg8 18. cxd4 $18 {1-0
Koskoska,G-Milligan Scott,H/Moscow 1994/EXT 99 (50)}) 11. Kh1 Qd7 12. f4 Bg4
13. Qh4 Bf5 14. Rb1 b6 15. c4 Bxd3 16. cxd3 dxc4 17. dxc4 Qf5 18. Bb2 O-O $17 {
0-1 Jaracz,B-Zielinska,J/Warsaw 1995/EXT 99 (58)}) 10... Bb6 (10... Qd7 11. Kh1
O-O-O 12. Bg5 f6 13. exf6 Rdf8 14. Rb5 Bb6 15. a4 gxf6 16. Bh6 Rf7 17. a5 a6
18. axb6 axb5 19. Qe2 $44 {1-0 Kroeze,F-Ellenbroek,T/Enschede 1998/CBM 62 ext 
(26)}) 11. Qh5 h6 (11... Qd7 12. Bg5 h6 13. Rfe1 c6 14. c4 dxc4 15. Be4 Qd4 16.
Qh4 Qxf2+ 17. Qxf2 Bxf2+ 18. Kxf2 hxg5 19. Rxb7 $14 {1-0 Sutovsky,E-Dreev,A/
Internet Chess Club 2002/EXT 2003 (50)}) 12. Kh1 Qe7 13. f4 g6 14. Qe2 (14. Qf3
O-O-O 15. a4 Qc5 16. Rb5 Qc6 17. Be3 d4 18. Be4 Qxc3 19. Bxb7+ Kb8 20. Bd2 Qxf3
21. Bxf3 Bc4 22. Rfb1 d3 $1 $17 {1/2-1/2 Sutovsky,E-Dreev,A/Moscow 2002/CBM 90
(49)}) 14... O-O-O 15. a4 (15. Be3 $5 Bxe3 (15... c5 16. Qf2 d4 17. cxd4 cxd4
18. Bd2 Bxa2 19. Ra1 Bd5 20. Ba5 $44) (15... Qa3 $5 16. Rb3 Qxa2 17. Bxb6 axb6
$13) 16. Qxe3 Qa3 17. Rb3 Qa5 $11) 15... Qc5 $1 16. Rb5 (16. Bd2 a6 17. a5 Qxa5
18. c4 Qc5 19. cxd5 Rxd5 $17) 16... Qc6 (16... Qxc3 17. Bb2 Qc6 18. a5 a6 (
18... Bc5 19. Rxb7 $1 Bg4 (19... Qxb7 20. Ba6 $18) (19... Kxb7 20. Bb5 $18) 20.
Rxc7+ Kxc7 21. Qxg4 $44)) 17. a5 $5 (17. Be3 $5 Qxc3 (17... a6 18. Rbb1 (18.
Bxb6 axb5 19. Bd4 Bf5 20. Bxb5 Qe6 $13) 18... Bxe3 19. Qxe3 $36) 18. Bxb6 cxb6
19. Rfb1 d4 (19... Rd7 20. a5 bxa5 21. Rxb7 Rxb7 22. Ba6 $36) 20. a5 Ba2 21.
R1b2 Bd5 22. axb6 a6 23. R5b4 Kb8 $132) 17... a6 18. axb6 axb5 19. bxc7 Qxc7
20. Qf2 Qxc3 21. Bd2 Qc6 $13 22. Rb1 (22. Qa7 Bf5 (22... Kd7 23. Rb1 Ra8 24.
Qg1 $44) 23. Bxf5+ gxf5 24. Ba5 Rdg8 25. Rf3 $44) 22... d4 23. Bxb5 Qc7 24. Ra1
Kb8 (24... Qc5 25. Bd3 Kd7 26. Ra5 Qb6 27. Rb5 Qa7 28. Ra5 $11) 25. Ba5 Qc5 26.
Rb1 (26. Bxd8 Rxd8 27. Bd3 $14) 26... Rd5 $1 27. Bb4 Qc7 (27... Qxb5 28. Bd6+
Kc8 29. Rxb5 Rxb5 30. h3 $16) 28. Bd3 Re8 29. Qf3 (29. Be4 Rb5 30. Qxd4 Rd8 31.
Qa1 Qb6 (31... Bd5 32. Bd6 Rxb1+ 33. Qxb1 Rxd6 34. exd6 Qc4 $1 $11) 32. Bd6+ (
32. c3 $13) 32... Rxd6 33. Rxb5 Qxb5 34. exd6 Qb4 $11) 29... Bf5 {From now on
there are no comments on the game because some errors seem to have crept into
the text.} 30. Bxf5 gxf5 31. Qd3 Qc8 32. Ra1 Qc6 33. Qxf5 Rb5 34. Be7 Rg8 35.
Qh3 b6 36. Bd6+ Kb7 37. f5 Rb2 38. Qf3 Rxc2 39. e6 Qxf3 40. gxf3 fxe6 41. f6
Rcc8 42. f7 (42. Rd1 Rg5 43. f7 Rf5 44. f8=Q Rfxf8 45. Bxf8 Rxf8 46. Rxd4 Rxf3
$19) 42... Rgf8 43. Bxf8 Rxf8 44. Re1 Rxf7 45. Rxe6 Rd7 $19 46. Kg2 (46. Re2 d3
47. Rd2 Kc6 48. Kg2 Kc5 49. Kf2 Kc4 $19) 46... d3 47. Re1 d2 48. Rd1 Rd5 49. f4
(49. Kf2 Kc6 50. Ke2 Kd6 $19) 49... Kc6 50. Kf3 Kd7 51. Ke4 Rd6 (51... Rd6 52.
Ke3 Ke6 53. Rxd2 Rxd2 54. Kxd2 Kf5 55. Ke3 h5 56. Kf3 h4 57. Ke3 h3 58. Kf3 b5
59. Ke3 b4 60. Kd3 Kxf4 61. Kc4 Kf3 62. Kxb4 Kg2 63. Kc3 Kxh2 64. Kd2 Kg2 $19)
0-1

[Event "Bundesliga 0506"]
[Site "Germany"]
[Date "2005.10.23"]
[Round "2.3"]
[White "Socko, Bartosz"]
[Black "Kritz, Leonid"]
[Result "1-0"]
[WhiteElo "2610"]
[BlackElo "2545"]
[Annotator "Huzman,A"]
[PlyCount "101"]
[EventDate "2005.10.21"]
[EventType "team-tourn"]
[EventRounds "15"]
[EventCountry "GER"]
[SourceTitle "CBM 110"]
[Source "ChessBase"]
[SourceDate "2006.01.31"]
[SourceVersion "1"]
[SourceVersionDate "2006.01.31"]
[SourceQuality "1"]
[WhiteTeam "Kreuzberg"]
[BlackTeam "Katernberg"]
[WhiteTeamCountry "GER"]
[BlackTeamCountry "GER"]

1. e4 e5 2. Nf3 Nf6 3. d4 Nxe4 4. Bd3 Nc6 5. dxe5 d5 6. exd6 Nxd6 7. Nc3 Be7 (
7... Nb4 8. Be3 (8. O-O Be7 9. Be2 O-O 10. a3 Nc6 11. Nd5 Re8 12. Bf4 Be6 13.
Re1 Bf8 14. c4 Bxd5 15. cxd5 Ne7 16. Qb3 $14 {0-1 Vysochin,S-Rozentalis,E/
Bydgoszcz 2000/CBM 76 ext (37)}) 8... Be7 9. Be2 O-O 10. a3 Nc6 11. Qd2 Nf5 $11
{1/2-1/2 Ionica,I-Srebrnic,A/Malinska CRO 2005 (23)}) (7... Bf5 8. O-O Be7 9.
Nd5 O-O 10. Bf4 Bg6 11. c4 Ne8 12. Bxg6 hxg6 13. Re1 $16 {1-0 Movsesian,
S-Gagloshvili,R/Pardubice 1995/EXT 97 (25)}) (7... Qe7+ 8. Be2 Bg4 9. Bg5 f6
10. Be3 O-O-O 11. Nd4 Bxe2 12. Qxe2 Nxd4 13. Bxd4 Qxe2+ 14. Nxe2 $11 {1-0
Ciuksyte,D-Mamedjarova,Z/Plovdiv 2003/CBM 96 ext (60)}) 8. Bf4 Be6 (8... Nb4 9.
Bb5+ Nxb5 10. Nxb5 O-O 11. O-O Bg4 $11 {0-1 Eximeno,S-Gabaldon Segovia,J/IECG
Email 2000/Corr 2002 (22)}) (8... Bg4 9. h3 Bh5 10. g4 Bg6 11. Qe2 Bxd3 12.
Qxd3 Qd7 13. O-O-O O-O-O 14. Nd5 $14 {1-0 Kindermann,S-Horvath,C/Austria 1995/
CBM 45 ext (57)}) (8... Bf6 9. O-O Be6 10. Qd2 O-O 11. Rfe1 Nb4 12. Rad1 Nxd3
13. Qxd3 Bf5 14. Qd2 Bg4 15. Nd5 $14 {1-0 Kindermann,S-Pavasovic,D/Bern 1995/
EXT 2000 (38)}) 9. Qd2 (9. Qe2 Bf6 10. O-O O-O 11. Ne4 Nxe4 12. Bxe4 Nd4 13.
Nxd4 Qxd4 14. c3 Qc4 15. Qxc4 Bxc4 16. Rfd1 c6 17. Rd7 Rfe8 18. f3 Re7 19. Rad1
Be6 20. Rd8+ {1/2-1/2 Rublevsky,S-Iordachescu,V/Budva SCG 2004/(20)}) 9... Qd7
(9... Nb4 10. Nd4 Nxd3+ 11. Qxd3 Bc4 12. Qf3 Qd7 13. O-O-O O-O 14. Bxd6 Qxd6
15. Nf5 Bg5+ 16. Kb1 Qa6 17. Nxg7 Kxg7 18. Qg4 h6 (18... Kh6 $11) 19. f4 $16 {
1-0 Berescu,A-Jovanic,O/Djakovo CRO 2005/(41)}) (9... h6 10. O-O Qd7 11. Rad1
O-O-O 12. Qe3 Bf6 13. Be4 Bxc3 14. Qxc3 g5 15. Bxd6 cxd6 16. Ne5 $18 {1-0
Rublevsky,S-Dao Thien Hai/Khanty Mansyisk RUS 2005 (42)}) 10. O-O-O O-O-O 11.
Qe3 Qe8 (11... Kb8 12. Bb5 Bf6 13. Ne4 Nxb5 14. Rxd7 Rxd7 15. Nxf6 gxf6 16. b3
$16 {1-0 Rublevsky,S-Motylev,A/Ajaccio FRA 2004/(46)}) 12. Nd4 $1 Bf6 (12...
Nxd4 13. Qxd4 Kb8 14. Be3 b6 15. Qxg7 Rg8 16. Qxh7 Rxg2 17. Rhg1 $16) 13. Nxe6
(13. Nxc6 Qxc6 14. Qxa7 Bxc3 $11) (13. Ndb5 Bxc3 14. Nxc3 (14. Nxd6+ Rxd6 15.
Bxd6 Bd4 $17) (14. Bxd6 Bxb2+ 15. Kxb2 cxd6 16. Nxa7+ Kb8 17. Nb5 Bg4 $11)
14... Bg4 15. Rde1 Qxe3+ 16. Rxe3 Nb4 $11) 13... Qxe6 14. Qxe6+ fxe6 15. Ne4
$14 {[%csl Re6] White has a clear advantage due to his pair of bishops and the
weakness on e6.} (15. Rhe1 Rhf8 16. Bg3 Nf5 $132) 15... Nb4 (15... Ne5 16. Bxe5
(16. Nc5 Nxd3+ 17. Nxd3 $14) 16... Bxe5 17. Nc5 Bf4+ 18. Kb1 e5 19. Rhe1 $14)
16. Nxd6+ cxd6 17. Bc4 $1 d5 18. Bb3 Nc6 {[%cal Yc6d4]} 19. c3 (19. Rhe1 Rhf8
20. Bg3 Nd4 $132) 19... e5 (19... Na5 20. Bc2 Nc4 21. Rhe1 e5 22. Bf5+ Kc7 23.
Bg3 $14) 20. Bg3 d4 21. Rhe1 dxc3 22. bxc3 Rxd1+ 23. Kxd1 Rd8+ 24. Kc2 Kc7 (
24... Bg5 25. Rd1 Rxd1 26. Kxd1 Bf4 27. Ke2 $14) 25. Ba4 (25. f4 $5 exf4 26.
Bxf4+ Kb6 27. Bf7 $16) 25... Rd5 26. Re4 Rc5 27. f3 Ra5 28. Bb3 Ne7 29. Bf2 Nf5
30. Rc4+ Kd7 31. Ra4 $1 Rxa4 32. Bxa4+ Kc7 33. Kd3 $5 (33. g3 $14) 33... Nh4
34. g3 $1 Nxf3 35. h4 $1 a6 $6 (35... g5 36. Bd1 (36. h5 $5 $44 {[%cal Gd3f5]}
g4 37. Ke4 $36) 36... g4 37. Ke4) 36. Bd1 e4+ 37. Kxe4 Ne5 38. Kd5 $16 {
The active position of Kd5 gives White good winning chances.} Nc6 39. Be1 Na7
40. Be2 Nc8 41. Ke6 Nb6 42. c4 Na4 (42... Nd7 43. Bb4 $16) 43. Bb4 Nc3 44. Bd3
$1 Nxa2 45. Bd6+ Kd8 46. Bxh7 $18 Nc3 47. h5 $1 a5 (47... Bd4 48. Kf7 a5 49.
Bf8 a4 50. Bc2 Kc7 51. Bxg7 $18) 48. h6 Bd4 49. Bc5 Ne2 (49... Bf6 50. Be7+ $1
$18) 50. Bxd4 Nxd4+ 51. Kd5 1-0

[Event "EU-ch 4th"]
[Site "Istanbul"]
[Date "2003.05.31"]
[Round "2"]
[White "Sutovsky, Emil"]
[Black "David, Alberto"]
[Result "0-1"]
[WhiteElo "2652"]
[BlackElo "2548"]
[Annotator "Huzman,A"]
[PlyCount "62"]
[EventDate "2003.05.30"]
[EventType "swiss"]
[EventRounds "13"]
[EventCountry "TUR"]
[SourceTitle "CBM 096"]
[Source "ChessBase"]
[SourceDate "2003.09.25"]
[SourceVersion "1"]
[SourceVersionDate "2003.09.25"]
[SourceQuality "1"]

1. e4 e5 2. Nf3 Nf6 3. d4 Nxe4 4. Bd3 d5 5. Nxe5 Nd7 6. Nxd7 Bxd7 7. O-O Bd6 8.
Qh5 Nf6 9. Re1+ Kf8 (9... Be7 10. Qf3 (10. Qe2 Be6 11. Nd2 O-O 12. Nf3 (12. Nb3
b6 13. Bf4 Bd6 14. Bxd6 Qxd6 15. Qe5 Qxe5 16. dxe5 Ne8 17. f4 g6 18. c3 c5 $11
{1/2-1/2 The World-Yin Hao/gamers.com INT 2000/EXT 2002 (44)}) 12... Re8 13.
Ne5 Nd7 14. f4 Bd6 15. Bd2 f5 16. h3 Nf6 17. Qf3 Ne4 18. Re2 Qf6 $11 {1-0
Bofill,A-Diaz,A/Zamora 1988 (46)}) 10... O-O 11. h3 Bb4 12. Bd2 Bxd2 13. Nxd2
Re8 14. Qf4 Bc6 15. Rxe8+ {1/2-1/2 Bielczyk,J-Schulte,O/Bielsko Biala 1988/EXT
97 (15)}) 10. Qe2 (10. Qh4 Ng4 11. Qxd8+ Rxd8 12. h3 (12. f3 Bxh2+ 13. Kf1 Nf6
$17 {0-1 Aseev,K-Sakaev,K/St Petersburg 1999/EXT 2000 (31)}) 12... Nf6 13. Nd2
(13. Nc3 c6 14. Ne2 Re8 15. Bf4 Bxf4 16. Nxf4 Rxe1+ 17. Rxe1 g6 $11 {1/2-1/2
Motylev,A-Nikcevic,N/Niksic 2000/EXT 2001 (24)}) 13... g6 14. Nf3 Kg7 15. Ne5
Bc8 16. Bg5 h6 17. Bf4 g5 18. Bh2 Rhe8 19. Re2 Ng8 20. Rae1 f6 21. Nf3 {
1/2-1/2 Movsesian,S-Akopian,V/Las Vegas 1999/CBM 72 (21)}) 10... c6 11. Nd2 Qc7
12. Nf3 (12. Nf1 Re8 13. Qd1 $11) 12... Bg4 13. Qe3 (13. h3 Re8 14. Be3 Bh5 $36
) 13... Bxf3 14. Qxf3 Bxh2+ 15. Kf1 (15. Kh1 Bd6 16. Bg5 Ng8 17. Re2 $44) 15...
Bd6 16. Bg5 Qd8 (16... Ng8 17. c4 h6 18. Bd2 dxc4 19. Bxc4 Nf6 20. Re2 $44) 17.
Re3 $2 (17. Bxf6 Qxf6 18. Qxf6 gxf6 $11) (17. Re2 h6 18. Bxf6 Qxf6 19. Qxf6
gxf6 $11) {[%tqu "En","Find tactical blow helping the Black to get rid of pin
Bg5-Qd8.","","","f6e4","",10]} 17... Ne4 $1 $17 18. Bxe4 (18. Bxd8 Nd2+ 19. Ke2
Nxf3 20. Kxf3 Rxd8 $17) 18... Qxg5 19. Bd3 g6 20. Rae1 Kg7 21. Qh3 Rad8 22. c3
h5 23. a4 a5 24. Qf3 Qh4 25. Qh3 Qg4 26. Qxg4 $2 (26. Kg1 $5 Qxh3 27. Rxh3 $17)
26... hxg4 27. Kg1 $2 {[%mdl 8192]} (27. g3 $142 $17) 27... Bh2+ 28. Kf1 Bf4
29. Re7 Bg5 $1 $19 30. R7e5 Bd2 $1 31. Rb1 Bf4 (31... Bf4 32. Re7 Kf6 33. Rxb7
Rh1+ 34. Ke2 Re8+ $19) 0-1

[Event "FIDE World Cup"]
[Site "Khanty-Mansiysk"]
[Date "2005.11.27"]
[Round "1.1"]
[White "Rublevsky, Sergei"]
[Black "Dao, Thien Hai"]
[Result "1-0"]
[WhiteElo "2652"]
[BlackElo "2581"]
[Annotator "Huzman,A"]
[PlyCount "83"]
[EventDate "2005.11.27"]
[EventType "k.o."]
[EventRounds "7"]
[EventCountry "RUS"]
[SourceTitle "CBM 111"]
[Source "ChessBase"]
[SourceDate "2006.04.04"]
[SourceVersion "1"]
[SourceVersionDate "2006.04.04"]
[SourceQuality "1"]

1. e4 e5 2. Nf3 (2. d4 exd4 3. Nf3 Nf6 4. e5 Ne4 5. Qxd4 d5 6. exd6 Nxd6 7. Bf4
Nc6 8. Qd2 Be7 9. Nc3 Be6 10. Bd3 O-O 11. O-O Re8 12. Rfe1 Bf6 13. Bxd6 cxd6
14. h3 d5 $11 {1-0 Blackburne,J-Bellingham,G/Hastings 1904/EXT 2002 (43)}) 2...
Nf6 3. d4 Nxe4 4. Bd3 Nc6 5. dxe5 d5 6. exd6 Nxd6 7. Nc3 Be7 8. Bf4 Be6 9. Qd2
h6 (9... Qd7 10. O-O-O O-O-O 11. Qe3 Kb8 (11... Qe8 12. Nd4 Bf6 13. Nxe6 Qxe6
14. Qxe6+ fxe6 15. Ne4 $14 {1-0 Socko,B-Kritz,L/Neukoelln GER 2005/(51)}) 12.
Bb5 Bf6 13. Ne4 Nxb5 14. Rxd7 Rxd7 15. Nxf6 gxf6 16. b3 $18 {1-0 Rublevsky,
S-Motylev,A/Ajaccio FRA 2004/(46)}) (9... Nb4 10. Nd4 Nxd3+ 11. Qxd3 Bc4 12.
Qf3 Qd7 13. O-O-O O-O 14. Bxd6 Qxd6 15. Nf5 Bg5+ 16. Kb1 Qa6 17. Nxg7 Kxg7 18.
Qg4 h6 19. f4 $16 {1-0 Berescu,A-Jovanic,O/Djakovo CRO 2005/(41)}) 10. O-O Qd7
11. Rad1 O-O-O {Strange as it seems, this move weakens the "a7" pawn and
provides White with an important tempo that helps him to gain an advantage.} (
11... O-O $142 12. Qe3 Rfe8 13. Bb5 Bf6 14. Bxd6 cxd6 15. Ne4 $36) 12. Qe3 Bf6
(12... g5 13. Bxd6 Bxd6 (13... cxd6 14. Nb5 $16) 14. Bb5 Qe8 15. Ne4 $16) (
12... a6 13. Ne5 Nxe5 14. Bxe5 $16 {[%cal Ge3a7,Ge5g7]}) 13. Be4 $1 Bxc3 (13...
Bc4 14. Rfe1 Rhe8 15. Bxc6 Qxc6 16. Qxa7 $16) 14. Qxc3 $1 g5 $2 {Black
blunders a simple tactics.} (14... Nxe4 $140 15. Rxd7 Nxc3 16. Rxc7+ Kb8 17.
Rxc6+ Ka8 18. Rxc3 $18) (14... Bf5 15. Bxf5 Qxf5 16. Bxd6 cxd6 17. Rfe1 $16)
15. Bxd6 cxd6 16. Ne5 $18 Qc7 (16... dxe5 17. Rxd7 Bxd7 18. b4 $18) 17. Nxc6
bxc6 18. Bxc6 d5 19. Rd3 d4 20. Rxd4 Rxd4 21. Qxd4 Rd8 22. Qa4 Qb6 23. Qb5 Qc7
24. Qa6+ Kb8 25. Qb5+ Kc8 26. Re1 Rd2 27. Be4 Rd4 28. Qe8+ Rd8 29. Qc6 Qxc6 30.
Bxc6 Kc7 31. Be4 a5 32. b3 Kb6 33. Bd3 Bd5 34. f3 Kc5 35. Kf2 Kb4 36. Re7 a4
37. Ra7 axb3 38. axb3 Rc8 39. Ra6 h5 40. Rh6 $1 h4 41. f4 $1 gxf4 42. Rxh4 1-0

[Event "CZE-ch"]
[Site "Luhacovice"]
[Date "2003.02.20"]
[Round "3"]
[White "Oral, Tomas"]
[Black "Haba, Petr"]
[Result "1-0"]
[WhiteElo "2550"]
[BlackElo "2516"]
[Annotator "Huzman,A"]
[PlyCount "125"]
[EventDate "2003.02.18"]
[EventType "tourn"]
[EventRounds "11"]
[EventCountry "CZE"]
[EventCategory "9"]
[SourceTitle "CBM 094"]
[Source "ChessBase"]
[SourceDate "2003.05.26"]
[SourceVersion "1"]
[SourceVersionDate "2003.05.26"]
[SourceQuality "1"]

1. e4 e5 2. Nf3 Nf6 3. d4 Nxe4 4. Bd3 d5 5. Nxe5 Nd7 6. O-O Nxe5 7. dxe5 Nc5 8.
Nc3 c6 9. f4 (9. Ne2 Be7 10. Ng3 O-O 11. c3 Nxd3 12. Qxd3 f6 $15 {0-1
Velimirovic,D-Kapelan,M/Vrsac 1989/CBM 15 (40)}) (9. Be2 Be7 10. b4 Nd7 11. Qd4
O-O 12. Na4 b5 13. Nc5 Nxc5 14. bxc5 f6 15. f4 Bf5 $15 {0-1 McShane,L-Van der
Sterren,P/Germany 1998/GER-chT (40)}) (9. Qf3 Nxd3 10. cxd3 Qh4 11. h3 Be7 12.
Re1 O-O 13. a3 (13. Bf4 Re8 14. a3 Bf8 15. d4 g5 $5 16. Be3 Re6 17. Ne2 Rg6 18.
Qg3 Qe4 19. Rac1 h5 $5 20. Bxg5 Be7 21. h4 Bxg5 22. hxg5 h4 23. Qf4 Qxf4 24.
Nxf4 Rxg5 25. Kh2 Rg4 26. Ne2 Bf5 27. f3 Rg5 28. Nf4 $16 {1/2-1/2 Geller,
E-Smejkal,J/Moscow 1981/MCL/[Belov] (66)}) 13... f6 14. e6 Re8 15. Bd2 Bc5 16.
e7 Rxe7 17. Rxe7 Bxe7 18. Re1 Bc5 19. Nxd5 Qxf2+ 20. Qxf2 Bxf2+ 21. Kxf2 cxd5
22. Re8+ Kf7 23. Rd8 b6 24. Rxd5 {1/2-1/2 Hracek,Z-Haba,P/Bad Wiessee 1999/EXT
2001 (24)}) 9... g6 (9... Nxd3 10. cxd3 g6 11. d4 h5 12. Ne2 Be7 13. Kh1 Bf5
14. h3 Qd7 15. Kh2 {1/2-1/2 Maciejewski,A-Weglarz,L/Warsaw 1989/EXT 97 (15)}) (
9... f5 10. exf6 Qxf6 11. Re1+ (11. f5 Nxd3 12. Qxd3 Be7 13. Ne2 O-O 14. Ng3
Qf7 15. Be3 b6 16. Bd4 Bd7 17. Rf4 c5 18. Be5 Bg5 19. Rff1 Rae8 20. Rae1 d4 $17
{0-1 Rozentalis,E-Turov,M/Quebec 2001/EXT 2002 (25)}) 11... Kf7 12. Be3 Nxd3
13. Qxd3 Bf5 14. Qd2 Bb4 15. Bd4 Qg6 16. Re3 Rhg8 17. Rg3 Qd6 18. a3 Bc5 19.
Rc1 Rae8 20. b4 Bxd4+ 21. Qxd4 a6 $11 {0-1 Ketola,K-Tammela,K/FIN 1992/EXT
2000 (44)}) 10. Ne2 Nxd3 (10... Bg7 11. Be3 Qe7 12. b4 Nxd3 13. cxd3 Qxb4 14.
Qc2 Bf8 15. Rab1 Qa5 16. f5 gxf5 17. Ng3 $44 {1-0 Minasian,A-Dutreeuw,M/Batumi
1999/CBM 74 (37)}) 11. cxd3 Bc5+ (11... Qb6+ 12. Kh1 Bg4 13. h3 h5 14. Qe1 Bc5
15. Bd2 Bf5 16. b4 Be7 17. Rf3 Bg4 18. Rf1 Bf5 19. Rf3 Bg4 20. Rf1 {1/2-1/2
Miljanic,B-Ivanovic,B/Niksic 2000/EXT 2001 (20)}) 12. d4 Bb6 (12... Be7 $5 13.
Ng3 (13. Be3 h5) 13... h5 (13... f5 14. exf6 Bxf6 15. f5 $40) 14. f5 h4 15.
fxg6 fxg6 (15... hxg3 16. gxf7+ Kd7 (16... Kf8) 17. e6+ $1 Kc7 18. Bf4+ Bd6 19.
Qe2 $44) 16. Ne2 Bf5 $15) 13. Be3 h5 14. Qd2 Bf5 (14... h4 $5 15. b4 h3 16. g3
Bf5 $11) 15. Ng3 Kd7 $2 {[%mdl 16384] Was it a queer attempt to proudly place
the K on "e6" in the middle game, or did Black incidentally touch the wrong
piece- a question that nobody but Haba himself can answer...} (15... Qd7 16.
Nxf5 Qxf5 17. a4 O-O 18. b4 a6 $14) 16. Nxf5 gxf5 17. b4 Ke6 18. a4 $16 {
[%csl Re6]} a6 19. Rfc1 Rg8 20. Rc2 Rg6 21. Rac1 Qh4 22. b5 $1 cxb5 23. Qb4 $1
{[%cal Gb4d6]} Qe7 24. Qb3 $18 Qd7 25. axb5 axb5 (25... Qxb5 26. Qa3 Qd7 27.
Rb1 Qd8 28. Rcb2 Kd7 29. Qd3 $18) 26. Rb1 Ra5 27. Ra2 Rg8 (27... Rxa2 28. Qxa2
Rg8 29. Qe2 $18) 28. Rxa5 Bxa5 29. Qa3 b6 30. Rxb5 Rc8 31. h3 Qd8 32. Bf2 Rc3
33. Qa4 Qc8 (33... Qd7 34. Bh4 $16 {[%csl Re6]}) 34. Kh2 f6 (34... Qd7 35. Bh4
Rc4 36. Qa3 {[%cal Ga3f8]} Rc8 37. Rb2 $18) 35. Be1 $1 Rc4 36. Qa3 $1 Qc6 37.
Bxa5 Qxb5 38. Qd6+ Kf7 39. Qxf6+ (39. e6+ $1 Kg6 40. Qd7 $1 Qc6 41. Qf7+ Kh6
42. e7 $18) 39... Kg8 40. Qg6+ Kh8 41. Qh6+ Kg8 42. Qg6+ Kh8 43. Qxh5+ Kg8 44.
Qg5+ Kh8 45. Qh6+ Kg8 46. Qg6+ (46. Qg5+ Kh8 47. Qd8+ Kh7 48. e6 Rc2 (48...
bxa5 49. Qd7+ $1 $18) 49. Qd7+ $1 $18) 46... Kh8 47. Bxb6 Qc6 48. Qh5+ (48. e6
$1 Qxb6 49. Qe8+ Kg7 50. Qf7+ Kh6 51. e7 Rc8 52. Qf8+ $18) 48... Kg7 49. Bc5
Qe6 50. Qg5+ Kf7 51. Qd8 Rc2 52. h4 Kg7 53. Be7 Rc8 54. Qd6 Kf7 (54... Qxd6 55.
exd6 $18) 55. Qxe6+ Kxe6 56. Bf6 (56. Bg5 $142 Rc4 57. h5 Rxd4 58. h6 Kf7 59.
e6+ Kg8 60. e7 Re4 61. g4 d4 62. Bf6 d3 63. Be5 $18) 56... Rg8 $2 (56... Kf7
57. h5 Rc3 58. g3 (58. Bg5 Rd3 (58... Re3 59. g3 Rd3 60. h6 Rxd4 (60... Re3 61.
Kh3 Kg6 62. Kh4 Re1 63. g4 fxg4 64. Kxg4 Rg1+ 65. Kf3 Re1 66. Kf2 Re4 67. Kf1
Re3) 61. e6+ Kg6 62. e7 Re4 63. g4 fxg4 64. f5+ Kxg5 65. h7 $18) 59. h6 Re3 60.
g4) 58... Rd3 59. Kh3 Rxd4 60. Kh4 Rd1 61. Kg5 Ke6 (61... Rh1 62. Kxf5 Rxh5+
63. Bg5 d4 64. e6+ Ke8 65. Ke4 Rxg5 66. fxg5 Ke7 67. Kxd4 Kxe6 68. Ke4 $18) 62.
g4 (62. h6 d4) 62... fxg4 (62... Rg1 63. h6 Rxg4+ 64. Kh5 Rg8 65. h7 Ra8 66.
Kh4 $1 d4 67. Kg3 $18) 63. f5+ Kd7 64. e6+ Kd6 65. Kxg4 (65. h6 Rh1 (65... g3
66. Be5+ Kxe5 67. h7 Rh1 (67... g2 68. h8=Q+ Ke4 69. Qh4+ Kf3 70. Qg4+ $18) 68.
e7 g2 69. e8=Q+ Kd6 70. Qd8+ Kc5 71. Qe7+ Kd4 (71... Kc6 72. Qf6+ Kd7) 72. Kf6
$18 Rxh7)) 65... Rg1+ 66. Kf4 Rf1+ 67. Kg5 Rg1+ 68. Kh6 Rg4 69. Bg5 d4 70. e7
Kd7 71. f6 Rxg5 72. Kxg5 d3 73. Kg6 d2 74. Kf7 d1=Q 75. e8=Q+ $18) 57. h5 Kf7
58. h6 Rg6 59. Bg5 $1 {/\60.g4+-} Ra6 60. g4 $18 Ra4 (60... fxg4 61. f5 $18)
61. gxf5 Rxd4 62. e6+ Kg8 63. f6 1-0